000 01039nam2a2200265 4500
001 RU\NLR\bibl\1222814
005 20250615111927.0
010 _a978-5-94853-908-9
_bч.1
021 _aRU
_b2008-18617
_91018
035 _a(NLR Aleph) 001209150
090 _a66994
_c66994
100 _a20080506d2008 |||y0rusy50 ca
101 0 _arus
102 _aRU
105 _aa |||||||||
200 0 _aЧ. 1
210 _d2008
_aБ. м.
215 _a220, [3] с.
_cил.
320 _aБиблиогр.: с. 220-222
461 0 _1001RU\NLR\bibl\1257513
_12001#$aПраво$vЧ. 1
_9274086
_aПевцова, Е. А.
_cМосква
_d2008
_e4-е изд.
_nРусское слово
_oосновы правовой культуры : учебник для 11 класса общеобразовательных учреждений. Базовый и профильный уровни : в 2 ч.
_tПраво
_y978-5-94853-910-2
_vЧ. 1
801 0 _aRU
_bNLR
_c20080506
_gRCR
801 1 _aRU
_bNLR
_c20080506
942 _cBOOK
980 _aNB